00466nam a22001697a 45000050016000000100014000160200026000300350013000560370013000690820006000821000021000882450082001092600030001912700033002213000022002547000020002762010080505215.0 aENG-98403 a9788126420957c100.00 aEN-81936 bDBAD/PUB aN aOnakkoor, George aThe wind in the mountains /cby George Onakkoor ;translated by Abraham Joseph aKottamyambDC Booksc2008 aKottamyambKottamyame6860121 a135p.c21cm (pbk) aJoseph, Abraham